| 000 | 01077cam a2200289 a 4500 | ||
|---|---|---|---|
| 001 | 13201268 | ||
| 005 | 20161112115342.0 | ||
| 008 | 030516s2003 enka d 001 0 eng | ||
| 010 | _a 2003053233 | ||
| 020 | _a052153271X (pbk.) | ||
| 040 |
_aDLC _cDLC _dDLC |
||
| 043 | _an-us--- | ||
| 050 | 0 | 0 |
_aPE2839 _b.C36 2003 |
| 082 | 0 | 0 |
_aDRef 423.1 _22003 _bC14 |
| 245 | 0 | 0 | _aCambridge dictionary of American idioms. |
| 260 |
_aCambridge, UK ; _aNew York, NY : _bCambridge University Press, _cc2003. |
||
| 300 |
_axiii, 498 pages : _billustrations ; _c22 cm. |
||
| 504 | _aIncludes index. | ||
| 650 | 0 |
_aEnglish language _zUnited States _xIdioms _vDictionaries. |
|
| 650 | 0 |
_aAmericanisms _vDictionaries. |
|
| 710 | 2 | _aCambridge University Press. | |
| 856 | 4 | 2 |
_3Publisher description _uhttp://www.loc.gov/catdir/description/cam032/2003053233.html |
| 365 |
_b2795.00 _cPhp |
||
| 906 |
_a7 _bcbc _corignew _d1 _eocip _f20 _gy-gencatlg |
||
| 942 |
_2ddc _cDREF |
||
| 999 |
_c5591 _d5591 |
||